Statistics for Master Cricketers Quiz

Click here to take the quiz!

General Stats

  • This quiz has been taken 25 times
  • The average score is 7 of 15

Answer Stats

QuestionAnswer% Correct
Who never scored a test tonne in AustraliaFlintoff
71%
Which ashes opening partnership is not dual left handers?Atherton, Trescothick
67%
Which of these bowlers is a right handed batsmenSteyn
67%
South Africa had great bounce, England a familiar slope and some middle order bunnies, india had batsmen in a tempered sun and NZ green and swing friendly but where di Mcgrath take his most test wickets?England
62%
Who captained his team to 2 away ashes defeatsRicky Ponting
57%
Which player boasts more than 10 test wicketsSanath Jayasuriya
57%
Which of the former England players was not born in South AfricaIan Bell
48%
Which ashes opening partnership is not dual left handers?Taylor, Slater
48%
Which Australian cricketer was born in EnglandAndrew Roy Symonds
38%
Alastair Cook & James Anderson are the 2 most capped English test cricketers, who is 3rd?Alec Stewart
33%
Which country is known as being the easiest place to score big?India
33%
In correct order who is RSA's 3 highest test match wicket takersSteyn, Pollock, Ntini
33%
Who is not a legitimate test match umpireSteven Taufel
29%
Who never scored a test tonne in AustraliaChanderpaul
19%
Who is the only opening batsmen to be out for a diamond duck in the ashes (spoiler: he is a left hand batsmen)Simon Katich
19%

Score Distribution

Percentile by Number Answered

Percent of People with Each Score

Your Score History

You have not taken this quiz